000 01421nam0a2200325 4500
001 RU\NLR\BIBL_A\011436396
005 20260405133244.0
010 _a9785753313232
_95000
021 _aRU
_b2017-45121
_93261
035 _a(RuMoRGB)008919126
035 _a(NLR Aleph) 011436396
090 _a11677440
_c11677440
100 _a20170710d2017 u y0rusy50 ca
101 0 _arus
102 _aRU
105 _acazzzz0|000zd
200 1 _aВремя не ждет
_eматериалы к жизнеописанию и духовному наследию протоиерея Василия Ермакова
_fИ. К. Корнилова
210 _aМосква
_cИзд-во Сретенского монастыря
_d2017
215 _a301, [2] с.
_cил.
_d25
300 _aНа обл. авт. не указан
600 1 _aЕрмаков
_bВ.Т.
_cпротоиерей
_f1927 - 2007
_gВасилий Тимофеевич
_92478287
_3RU\NLR\AUTH\661471387
686 _aЭ372.24-637.22-370.8Василий (Ермаков),0
_2rubbk
686 2 _aЭ372.24-374-028
700 1 _aКорнилова
_bИ. К.
_gИрина Кирилловна
702 1 _4570
_7ca
_8rus
_aЕрмаков
_bВ. Т.
_cпротоиерей
_f1927-2007
_gВасилий Тимофеевич
_936905
_3RU\NLR\AUTH\7753973
942 _cBOOK
980 _aNBR